000 00966nam a2200253 i 4500
001 176023
003 ES-MaACL
005 20250830062809.0
007 t|
008 101210s1966 sp ||||1| spa d
080 _a27-23
080 _a27-247.8
100 1 _aCroix, Paul Marie de la.
_941673
245 1 0 _aTestimonio espiritual del Evangelio de San Juan /
_cPaul-Marie de la Croix ; presentación [ y versión española] de Julián Urbistondo.
260 _aMadrid ; México ; Buenos Aires ; Pamplona :
_bRialp,
_cimp. 1966.
300 _aXXVIII, 522 p. ;
_c23 cm.
490 1 _aBiblioteca de Teología ;
_v7
594 _aTít. original: L'Evangile de Jean et son Témoignage spirituel.
630 0 4 _aBiblia.
_pN.T.
_pEvangelio según Juan-
_xCrítica e interpretación.
_9144246
700 1 _aUrbistondo, Julián.
_9112098
830 0 0 _aBiblioteca de teología
_v7
_9183765
852 _aES-MaACL
_jE-13756
_xOlim P-316-Ter
999 _c176023
_d176023